Statistics for Secondary names of football clubs (steps 1-4 of non-league)

Click here to take the quiz!

General Stats

  • This quiz has been taken 52 times
  • The average score is 14 of 38

Answer Stats

HintAnswer% Correct
SettlementCity
77%
SettlementTown
77%
South Korean footballerPark
75%
ScumUnited
75%
QPRangers
70%
British regionCounty
61%
RoyRovers
61%
Old word for BritainAlbion
59%
FitAthletic
59%
Ian Brady & Myra HindleyMoors
59%
Shakespeare playHamlet
55%
"I roam around, around, around"Wanderers
50%
Fighter JetHarriers
41%
The pigsPolice
39%
British tribeCeltic
36%
Not the BantamsPark Avenue
34%
LisbonSporting
34%
Robbie WilliamsAngels
32%
Smaller British regionBorough
32%
Quadrennial eventOlympic
32%
Famous magicianDynamo
30%
Ancient greeceSpartans
30%
Buy and sellMarket
23%
The original invinciblesNorth End
23%
"We all live in a yellow..."Supermarine
23%
Competitive exerciseSports
20%
DunstonUTS
18%
Not seriousCasuals
16%
Watch brand (Latin)Invicta
16%
Lost in the 2018/19 FA Vase FinalPaper Mills
16%
Jamie VardyPark Steels
16%
3Trinity
16%
Stand in royalRegent
14%
PylonCables
11%
MiningCollieries
11%
Large country house with livestockManor Farm
11%
Apparently a type of finch?Linnets
9%
Small brown birdSwifts
2%

Score Distribution

Percentile by Number Answered

Percent of People with Each Score

Your Score History

You have not taken this quiz